000 00573nam a2200217Ia 4500
005 20250326144246.0
008 250326s9999 xx 000 0 und d
020 _a978-81-8054-639-6
037 _aTextbook
040 _aFMSL
_beng
_cFMSL
041 _aeng
_2eng
084 _aR(Z) P8
_qFMSL
100 _aKapoor G K
245 0 _aLaw , ethics and communication
_cKapoor G K; Gupta C B
260 _aNew Delhi
_bNew Delhi, Sultan Chand
_c2008
300 _a197p
365 _b350
650 _aLaw
942 _cTB
_hR(Z) P8
999 _c1303027
_d1303027